Catálogo
 En Linea

La pobreza ¿de qué somos pobres? : (Registro nro. 59823)

Detalles MARC
000 -CABECERA
campo de control de longitud fija 01908nam a2200289 i 4500
003 - IDENTIFICADOR DEL NÚMERO DE CONTROL
campo de control DO-SdBNP
005 - FECHA Y HORA DE LA ÚLTIMA TRANSACCIÓN
campo de control 20250826143303.0
007 - CAMPO FIJO DE DESCRIPCIÓN FÍSICA--INFORMACIÓN GENERAL
campo de control de longitud fija ta
008 - DATOS DE LONGITUD FIJA--INFORMACIÓN GENERAL
campo de control de longitud fija 250826s2025 dr ac 000 0 spa d
020 ## - NÚMERO INTERNACIONAL ESTÁNDAR DEL LIBRO
Número Internacional Estándar del Libro 9789945292961
040 ## - FUENTE DE LA CATALOGACIÓN
Centro catalogador/agencia de origen DO-SdBNP
Lengua de catalogación spa
Centro/agencia transcriptor BNPHU
Normas de descripción rda
041 ## - CÓDIGO DE LENGUA
Código de lengua del texto/banda sonora o título independiente spa
082 #4 - NÚMERO DE LA CLASIFICACIÓN DECIMAL DEWEY
Número de clasificación xxx
Número de documento/Ítem V145
Número de edición 22
100 1# - ENTRADA PRINCIPAL--NOMBRE DE PERSONA
Nombre de persona Valdez Montero, Henry
Fechas asociadas al nombre 1980-
9 (RLIN) 45446
Término indicativo de función/relación autor
Código de función/relación aut.
245 13 - MENCIÓN DE TÍTULO
Título La pobreza ¿de qué somos pobres? :
Resto del título transmisión de la pobreza Vs. estrategias, técnicas, métodos y pasos para erradicarla /
Mención de responsabilidad, etc. Henry Valdez Montero
250 ## - MENCIÓN DE EDICIÓN
Mención de edición Primera edición
264 ## - PRODUCCIÓN, PUBLICACIÓN, DISTRIBUCIÓN, FABRICACIÓN Y COPYRIGHT
Producción, publicación, distribución, fabricación y copyright Santo Domingo :
Nombre del de productor, editor, distribuidor, fabricante [editor no identificado],
Fecha de producción, publicación, distribución, fabricación o copyright [2025].
300 ## - DESCRIPCIÓN FÍSICA
Extensión 172 páginas ;
Otras características físicas ilustraciones, retratos ;
Dimensiones 21 cm.
336 ## - TIPO DE CONTENIDO
Fuente rdacontent
Término de tipo de contenido texto
Código de tipo de contenido txt
337 ## - TIPO DE MEDIO
Fuente rdamedia
Nombre/término del tipo de medio sin mediación
Código del tipo de medio n
338 ## - TIPO DE SOPORTE
Fuente rdacarrier
Nombre/término del tipo de soporte volumen
Código del tipo de soporte nc
500 ## - NOTA GENERAL
Nota general Incluye datos biografícos del autor en las solapas y en las páginas 16-19.
520 ## - SUMARIO, ETC.
Sumario, etc. Según la Real Academia Española (RAE), pobreza es definida como falta, escasez o como propia cualidad de pobre. Hoy en día, definir este término se torna complicado, sobre todo si se tiene en cuenta que la pobreza o la persona considerada pobre depende de muchos factores y del propio contexto socioeconómico en el que se enmarca.<br/><br/>De manera genérica entendemos por pobreza la falta de medios económicos de una persona, sin embargo, en el siglo XXI este término ha adquirido una dimensión mucho mayor y delimitarlo únicamente al nivel de ingresos no ofrece una visión real de la situación que sufren las personas en situación de pobreza.<br/><br/>Para poder entenderlo mejor tenemos que hablar de una pobreza multidimensional que tiene en cuenta la falta de derechos y acceso a los servicios básicos como agua y saneamiento, la salud, la educación y una alimentación adecuada.
590 ## - NOTA LOCAL (RLIN)
Nota local Inventariado, 2025/ YL
910 ## - DATOS DE OPCIÓN DEL USUARIO (OCLC)
Datos de opción del usuario YLockward
942 ## - ELEMENTOS DE PUNTO DE ACCESO ADICIONAL (KOHA)
Fuente del sistema de clasificación o colocación Dewey Decimal Classification
Tipo de ítem Koha Libro
Existencias
Estado de retiro Estado de pérdida Fuente del sistema de clasificación o colocación Restricciones de uso No para préstamo Código de colección Localización permanente Ubicación/localización actual Ubicación en estantería Fecha de adquisición Fuente de adquisición Total de préstamos Signatura topográfica completa Código de barras Fecha visto por última vez Precio válido a partir de Tipo de ítem Koha Número de copia
    Dewey Decimal Classification Excluido de préstamo   Patrimonio Dominicano Biblioteca Nacional Pedro Henríquez Ureña Biblioteca Nacional Pedro Henríquez Ureña En catalogación 25.06.2025 Depósito Legal   BNPHU PD xxx V145 2025-8806 26.08.2025 26.08.2025 Libro  
    Dewey Decimal Classification Excluido de préstamo   Patrimonio Dominicano Biblioteca Nacional Pedro Henríquez Ureña Biblioteca Nacional Pedro Henríquez Ureña En catalogación 25.06.2025 Depósito Legal   BNPHU PD xxx V145 2025-8807 26.08.2025 26.08.2025 Libro e. 2
    Dewey Decimal Classification Préstamo en sala   Dominicana de Servicio Biblioteca Nacional Pedro Henríquez Ureña Biblioteca Nacional Pedro Henríquez Ureña En catalogación 25.06.2025 Depósito Legal   BNPHU DS xxx V145 2025-8808 26.08.2025 26.08.2025 Libro e. 3

Con tecnología Koha